|
|
|
|
| LEADER |
01126nam a2200373 4500 |
| 001 |
DLU090096112 |
| 005 |
##20091201 |
| 040 |
# |
# |
|a DLU
|b eng
|
| 041 |
# |
# |
|a eng
|
| 044 |
# |
# |
|a us
|
| 245 |
# |
# |
|a Detection of DNA damage by use of Escherichia coli carrying recA' : : lux, uvrA' : : lux, or alkA' : : lux reporter plasmids /
|c A. C. Vollmer ... [et al.].
|
| 653 |
# |
# |
|a Bacteria
|
| 653 |
# |
# |
|a DNA
|
| 653 |
# |
# |
|a Escherichia coli
|
| 653 |
# |
# |
|a Hybrid genes
|
| 653 |
# |
# |
|a Plasmids
|
| 653 |
# |
# |
|a Recombinant microorganism
|
| 653 |
# |
# |
|a Reporter gene
|
| 653 |
# |
# |
|a Ultraviolet irradiation
|
| 700 |
# |
# |
|a Belkin, S.
|
| 700 |
# |
# |
|a Dyk, T. K. Van.
|
| 700 |
# |
# |
|a LaRossa, R. A.
|
| 700 |
# |
# |
|a Smulski, D. R.
|
| 700 |
# |
# |
|a Vollmer, A. C.
|
| 773 |
# |
# |
|t Applied and Environmental Microbiology
|g Vol. 63, no. 7 (April 1997), p. 2566-2571
|
| 920 |
# |
# |
|a Phòng Tạp chí -- Trung tâm Thông tin - Thư viện Trường Đại học Đà Lạt
|
| 994 |
# |
# |
|a DLU
|
| 900 |
# |
# |
|a True
|
| 911 |
# |
# |
|a Trương Bảo Trâm Anh
|
| 925 |
# |
# |
|a G
|
| 926 |
# |
# |
|a A
|
| 927 |
# |
# |
|a BB
|
| 980 |
# |
# |
|a Thư viện Trường Đại học Đà Lạt
|